000 00577cam a2200145 4500500
005 20251228052420.0
041 _afre
042 _adc
100 1 0 _aMiers, Suzanne
_eauthor
245 0 0 _aLE COUR GRANDMAISON, Olivier. — Coloniser. Exterminer. Sur la guerre et l’État colonial. Paris, Fayard, 2005, 365 p.
260 _c2005.
500 _a63
786 0 _nCahiers d'études africaines | 179-180 | 3 | 2005-10-01 | p. 1179g-1208g | 0008-0055
856 4 1 _uhttps://shs.cairn.info/revue-cahiers-d-etudes-africaines-2005-3-page-1179g?lang=fr&redirect-ssocas=7080
999 _c1583513
_d1583513